000 01483cam a2200349 i 4500
001 768714001
003 CO-MdFUSB
005 20240527155922.0
007 ta
008 240525t2007 -us||||| |||| 00| 0 eng d
020 _a1-931527-63-6
040 _cCO-MdFUSB
041 _aeng
082 0 4 _224
_a233.5
_bW899m
100 1 _aWoodward, John B.
_eautor
245 1 0 _aMan as spirit, Soul, and body :
_ba study of biblical psychology
_c/ John B. Woodward Jr.
250 _asegunda edición revisada
264 1 _bGrace Fellowship International,
_aPigeon Forge TN, Estados Unidos :
_c[2007]
264 4 _c©2007
300 _a175 páginas
_c; 23 cm
336 _atexto
_btxt
_2rdacontent
337 _2rdamedia
_asin mediación
_bn
338 _2rdacarrier
_avolumen
_bnc
505 _atraducido al español: El hombre como espíritu, alma y cuerpo -- Modelo teológico de la composición del hombre: tricotomía -- El corazón: no es una cuarta parte del hombre -- Tricotomía en la historia redentora del contexto bíblico: La creación, la caída, la regeneración, la santificación, la muerte física, Resurrección Corporal --Tricotomía en la historia de la iglesia --- defensa a la tricotomía--- Implicaciones para la consejería bíblica
563 _aRústico
650 7 _aAntropología bíblica
_2embne
_96715
653 _aTeología dogmatica
653 _aAntropología biblica
942 _cBK
945 _aMiguel Ángel
999 _c44663
_d44663